WTO Workshop for Trade Negotiators from Asian Economies, Kuala Lumpur, 17-20 December 2002
| Format: | Book |
|---|---|
| Published: |
Kuala Lumpur :
(s.n.) ,
2002
|
| Subjects: |
MARC
| LEADER | 00000cam a2200000 7i4500 | ||
|---|---|---|---|
| 001 | 0000003046 | ||
| 005 | 20040413.0 | ||
| 090 | 0 | 0 | |a C 382.92 |b WTO 2002 |
| 245 | 0 | 0 | |a WTO Workshop for Trade Negotiators from Asian Economies, Kuala Lumpur, 17-20 December 2002 |
| 260 | 0 | 0 | |a Kuala Lumpur : |b (s.n.) , |c 2002 |
| 300 | |a Various pagings ; |c 30 cm. | ||
| 650 | 0 | 0 | |a International economic relations |x Congresses |
| 650 | 0 | 0 | |a International trade |x Congresses |
| 650 | 0 | 0 | |a World Trade Organization |
| 998 | |a JPSM | ||
| 999 | |a 0000004871 |b Monograph |c Conference kit |e Default branch | ||